000 00292 a2200097 4500
100 1 _aPiwoński, Tadeusz.
_eAutor
245 0 _aOdlewnictwo /
_cPiwoński Tadeusz.
250 _aWydanie 3.
710 2 _aWydawnictwa Szkolne i Pedagogiczne.
_eWydawca
_4pbl
260 _aWarszawa :
_bWSiP,
_c1980.
300 _a332 s.;
_c24 cm.
999 _c10231
_d10231